[Event "Linares Anibal op 05th"]
[Site "Linares"]
[Date "1998.01.29"]
[Round "10"]
[White "Miles, Anthony John"]
[Black "Timoshenko, Georgy"]
[Result "1/2-1/2"]
[WhiteElo "2595"]
[BlackElo "2560"]
[Annotator "Tiviakov,S"]
[PlyCount "188"]
[EventDate "1998.01.20"]
[EventType "swiss"]
[EventRounds "10"]
[EventCountry "ESP"]
[SourceTitle "CBM 062 Extra"]
[Source "ChessBase"]
[SourceDate "1998.03.09"]
[SourceVersion "1"]
[SourceVersionDate "1998.03.09"]
[SourceQuality "1"]

1. d4 Nf6 2. Nf3 g6 3. c3 Bg7 4. Bg5 d5 5. Nbd2 Nbd7 6. e3 O-O 7. Be2 c5 8. O-O
Re8 {[A rare continuation.} (8... b6 {is the main Black's move in the position.
}) 9. b4 (9. Qb3 a6 10. Bxf6 Nxf6 11. dxc5 Qc7 12. c4 Qxc5 13. Rac1 Rf8 $11 {
didn't bring anything to White in Costa,Jean_Luc-Mascarinas,Rico/Lugano 
(Switzerland) 1989.}) 9... c4 (9... cxb4 {gives White the slight edge due to
the space advantage on the queen's side. E.g.} 10. cxb4 Qb6 (10... Nf8 11. Rc1
Bd7 12. Qb3 e6 13. Rc3 Rc8 14. Rfc1 Rxc3 15. Rxc3 Qb6 16. Bf4 Rc8 17. Rc5 $14 {
Szuveges,Narelle-Santori,Maria/Guarapuava (Brazil) 1995.}) (10... a5 11. a3 Nb6
12. Qb3 $14 {Landenbergue,Claude-Mascarinas,Rico/Zurich (Switzerland) 1990.})
11. Qb3 e5 12. dxe5 Nxe5 13. Nxe5 Rxe5 14. Nf3 $14 {Thorbergsson,
Treysteinn-Berrios,Angel/Siegen (Germany) 1970.}) 10. h3 $146 {[The idea of
the move lies in the desire to keep the dark-squared bishop alive after
playing Bf4.} (10. Bf4 Nh5 11. Ne5 Nxf4 12. exf4 Nb6 13. Re1 a5 14. a3 f6 15.
Nef3 Bd7 16. Bf1 Qc7 17. g3 Qc6 18. Re3 axb4 19. axb4 Rxa1 20. Qxa1 Ra8 21. Qe1
Bf8 22. Nh4 $13 {with unclear chances, took place in the game Euler,
Gerd-Kupreichik,Viktor D/Germany 1994.}) 10... a5 11. a3 b5 12. Bf4 Nb6 13. Ne5
$11 {[The position is equal.]} Na4 $6 {[The knight on a4 doesn't have any
perspective and has to return back to b6 several moves later.]} 14. Qc1 Bb7 15.
Bd1 Nb6 16. Qb2 Ne4 17. Nef3 e6 18. Bc2 a4 $6 {[The decision to close the
queen's side is not understandable at all, since it allows White to develop
the initiative on the king's side, while Black doesn't have any counter-play.
The bishop b7 is very 'bad'.]} 19. Rad1 f5 {[I would have refrained from
making this move, inevitably weakening the square e5.]} 20. Be5 {[White play
in the following 20 moves is very instructive. Step by step White improves his
position.]} Bh6 21. Rfe1 Nd7 22. Bh2 Bg7 23. Bb1 Ra7 24. Ne5 Ndf6 25. f3 Nd6
26. Kh1 Ba8 27. Rg1 Nf7 28. g4 Nd7 29. Nxf7 Kxf7 30. f4 Nf6 31. Nf3 Ne4 32. Rg2
Ke7 33. Bg3 Kd6 34. Bh4 Qc8 35. Ne5 Kc7 36. Bxe4 dxe4 37. gxf5 exf5 38. d5 Bf8
39. Qd2 {[Black position is, probably, lost.]} Ra6 40. Qd4 Kb8 (40... Bd6 $5 {
, preventing 41.d6, deserved attention.}) 41. Rgd2 $2 {[As Timoshenko told me
after the game, he had been very afraid of} (41. d6 $5 Rxd6 42. Qxd6+ Bxd6 43.
Rxd6 $18 {, when White must win without any serious problem.}) 41... Bd6 {
[Now Black gets some chances to defend the position.]} 42. Nf7 {[The following
White moves don't look very impressive, allowing Black to exchange the queens
and eventually to create the fortress. White has too many attracting
possibilities at his disposal, so it is very difficult for him to choose the
optimal way to a victory.]} Qd7 43. Ne5 Qa7 44. Qxa7+ Kxa7 45. Nf7 Bb7 46. Bf6
Bc8 47. Bd4+ (47. Be5 $5 {is a worthy alternative to the text.}) 47... Kb7 48.
Bc5 Bf8 49. Kg2 (49. h4 $5 {could have also been played.}) 49... Bd7 50. Ne5
Kc8 51. Bxf8 Rxf8 52. d6 Rf6 53. Rd5 Kd8 54. Kg3 Ke8 55. R1d4 (55. Kh4 $5 {
deserved attention.}) 55... Rb6 56. h4 h5 {[Now the only way to try to fight
for a win lies in the exchange of the pawn d6 to g6.]} 57. Kf2 Re6 58. Ke2 Rf6
59. Kd2 Re6 60. Ke2 Rf6 61. Rd1 Re6 62. R5d2 Rf6 63. Rg1 Rbxd6 64. Rxd6 Rxd6
65. Nxg6 Kd8 66. Ne5 Be8 67. Rg7 Rf6 68. Ra7 Rf8 69. Rg7 Rf6 70. Kd2 Rd6+ 71.
Ke2 Rf6 {[Black was able to defend all the weaknesses in his position. So
White had to resign himself to a draw. Instead he chooses a very risky plan,
bringing him on the edge of losing.]} 72. Ra7 Rd6 73. Nf7+ $6 Bxf7 74. Rxf7 Rd5
75. Rh7 Rd3 76. Rxh5 Rxc3 77. Rxf5 Rxa3 78. Rxb5 Rb3 {[Black passed pawns a4
and c4 are much more dangerous than 3 White counter-parts b4, f4 and h4.]} 79.
h5 Rb2+ 80. Kf1 {[The king has to be very close to the 'h' file, preventing
the Black rook from winning the 'h' pawn.]} Ke7 {[Black king has to fight
against the white pawns 'f' and 'h'.} (80... a3 $2 {is worse, because of} 81.
h6 a2 82. Ra5 {, when} Rb1+ $2 83. Kg2 a1=Q 84. Rxa1 Rxa1 85. h7 {loses the
game.}) 81. h6 Kf7 82. Rb7+ Kg8 83. f5 a3 84. f6 Rh2 (84... a2 85. f7+ Kf8 86.
Ra7 Rb1+ $2 {doesn't work, since after} 87. Kg2 a1=Q 88. Rxa1 Rxa1 89. h7 $18 {
White wins.}) 85. Rg7+ Kf8 86. Ra7 {[Now most of the material goes off the
board. The position is equal, the draw has been agreed several moves later.]}
Rxh6 87. Rxa3 Rxf6+ 88. Ke2 Rb6 89. Ra4 Ke7 90. Kd2 Rd6+ 91. Kc3 Rd3+ 92. Kxc4
Rxe3 93. Kd4 Re1 94. Ra5 Kd7 1/2-1/2

[Event "BCF-ch 89th"]
[Site "Torquay"]
[Date "2002.08.09"]
[Round "11"]
[White "Speelman, Jonathan S"]
[Black "Flear, Glenn C"]
[Result "0-1"]
[WhiteElo "2583"]
[BlackElo "2538"]
[Annotator "Tsesarsky,I"]
[PlyCount "115"]
[EventDate "2002.07.29"]
[EventType "swiss"]
[EventRounds "11"]
[EventCountry "ENG"]
[SourceTitle "CBM 091"]
[Source "ChessBase"]
[SourceDate "2002.11.12"]
[SourceVersion "1"]
[SourceVersionDate "2002.11.12"]
[SourceQuality "1"]

1. c4 e6 2. Nf3 d5 3. d4 Nf6 4. Bg5 Nbd7 5. e3 c6 6. Nbd2 {This modest move
leads to approximately equal position.} h6 (6... Qa5) (6... Be7 {-another
mainlines.}) 7. Bh4 Be7 (7... Bd6 8. Bd3 O-O (8... Qe7 9. O-O g5 $6 10. Bg3
Bxg3 11. hxg3 O-O 12. Ne5 $14 {[%csl Rg8][%cal Gf2f4]} Kg7 13. f4 dxc4 14.
Ndxc4 c5 15. Qf3 Rh8 16. Rf2 g4 17. Nxg4 Nxg4 18. Qxg4+ Kf8 19. f5 {1-0 Taleb,
M-Reschun,S/Halle 1995/CBM 48 ext (19)}) 9. O-O e5 10. Bg3 Qe7 11. cxd5 cxd5
12. dxe5 Nxe5 13. Nxe5 Bxe5 14. Bxe5 Qxe5 15. Qb3 Bg4 $1 {[%cal Gd2f3]} 16. h3
Bh5 17. Rac1 d4 18. Rfe1 $5 (18. Nc4 Qd5 19. exd4 Qxd4 {1/2-1/2 Rivas Pastor,
M-Jussupow,A/Minsk 1982/MCL (19)}) 18... dxe3 (18... Rfe8 $2 19. Qxb7 Reb8 20.
Nc4 Rxb7 21. Nxe5 dxe3 22. Rc2 exf2+ 23. Kxf2 $16 {[%cal Gg2g4]}) 19. Rxe3 Qd5
20. Ne4 Qxb3 21. Nxf6+ gxf6 22. axb3 Rfc8 23. Rce1 Bg6 (23... Rc7 24. f4 $1)
24. Bxg6 fxg6 25. Re7 a5 26. b4 $5 (26. Rxb7 Rab8 27. Ree7 Rxb7 28. Rxb7 Rc2
$11) 26... axb4 27. Rxb7 Rab8 28. Ree7 Rxb7 29. Rxb7 Rc1+ 30. Kh2 Rc2 $11) ({
The best move here is} 7... g5 $1 8. Bg3 Nh5 {[%csl Rg3] and Black recieves
excellent position.} 9. Be2 (9. Be5 Nxe5 10. dxe5 g4 11. Nd4 Qg5 $132) 9...
Nxg3 10. hxg3 h5 11. Rc1 Bg7 $132 {0-1 Comp Lyon-Bukal,V/Dortmund 1991/CBM 22
ext (63)}) 8. Bd3 (8. Be2 O-O 9. O-O c5 10. Rc1 b6 11. cxd5 Nxd5 12. Bxe7 Qxe7
13. Bb5 cxd4 (13... Rd8 14. Bc6 Rb8 15. Qa4 cxd4 $11) (13... N5f6 14. Ne5 Nxe5
15. dxe5 Nd5 $11) 14. Nxd4 Ne5 15. Qh5 $14 {1-0 Trifunovic,P-Van Scheltinga,T/
Beverwijk 1962/MCD (85)}) (8. cxd5 exd5 9. Bd3 O-O 10. O-O Ne4 11. Bxe7 Qxe7
12. Qc2 Ndf6 $11 (12... f5 $6 13. Nb3 Ndf6 14. Ne5 $14 {1-0 Bandlow,M-Menzel,M/
Germany 1995/EXT 97 (60)})) 8... O-O (8... dxc4 9. Nxc4 c5 10. O-O b6 11. Nce5
Bb7 12. Bb5 a6 (12... O-O 13. Bc6 Rb8 14. Bxb7 Rxb7 15. Nc6 Qe8 16. Rc1 cxd4 (
16... Rc7 17. Nxe7+ (17. Qa4 $4 {[%csl Rc6]} Bd6 18. Rfd1 (18. Rcd1 g5 19. Bg3
Bxg3 20. hxg3 Nb8 $19) 18... g5 19. Bg3 Bxg3 20. hxg3 Nb8 $19) 17... Qxe7 18.
e4 Qe8 19. Bg3 Rc8 (19... Rc6 20. d5 $16) 20. Bd6 Nxe4 21. Bxf8 $16) 17. Nfxd4
Bc5 18. Qf3 Nd5 19. Rfd1 Nb8 20. Nxb8 Rxb8 21. e4 Nb4 (21... Ne7 22. Bxe7 Bxe7
23. Rc7 $16) 22. a3 Bxd4 23. Rxd4 Nc6 24. Rd6 Rc8 $14) 13. Bc6 Qc8 14. Bxf6
Bxc6 15. Bxe7 Kxe7 16. dxc5 (16. Nxd7 Qxd7 17. Ne5 Qd5 18. Nxc6+ Qxc6 19. Rc1
$14) 16... bxc5 (16... Nxc5 17. b4 Nd7 18. Rc1 Bxf3 19. Nxf3 Qb7 20. Qd4 Nf6
21. b5 $1 $16 {[%cal Gd4b4,Gc1c6]}) 17. Qc2 Bxf3 18. Nxf3 Rd8 19. Rac1 (19. Qh7
Qb7 20. b3 Nf6 21. Qc2 $14) 19... Qb7 20. Rfd1 Rac8 21. Qc3 Nb6 22. Rxd8 Kxd8
23. Qxg7 $18 (23. Ne5 $16 {1-0 Trifunovic,P-Bergraser,V/Varna 1962/MCD (64)}))
(8... b6 9. O-O Bb7 10. Qe2 O-O 11. e4 (11. cxd5 Nxd5 (11... cxd5 $14 {[%csl
Rb7,Gd3]}) 12. Bg3 c5 13. Rfd1 cxd4 14. Nxd4 Nc5 15. Bb5 Bd6 16. Nc4 Bxg3 17.
hxg3 a6 18. Bc6 Bxc6 19. Nxc6 Qc7 20. Nd4 $11 {1-0 Koziak,V-Sulypa,A/Yalta
1995/CBM 47 ext (59)}) 11... Nxe4 12. Nxe4 (12. Bxe7 Qxe7 13. Nxe4 dxe4 14.
Bxe4 Nf6 15. Bc2 c5 16. Rad1 Rfd8 $11) 12... Bxh4 13. cxd5 cxd5 14. Nd6 Bc6 15.
Nxh4 Qxh4 16. Rac1 Nb8 17. Qe5 $44 Be8 (17... a6 $44) 18. Nxe8 Rxe8 19. Rc7 Rd8
20. g3 Qh3 21. Bb5 a6 22. Qf4 Qh5 23. Be2 Qg6 24. Bd3 Qf6 (24... f5 $2 25. Rfc1
Nd7 26. Rb7 Nf6 27. Rxb6 $16 {1-0 Cserna,L-Smyslov,V/Copenhagen 1986/EXT 97 
(71)}) 25. Qxf6 gxf6 $44) 9. O-O b6 (9... Re8 10. Rc1 c5 11. Qe2 cxd4 12. exd4
Nh5 13. Bxe7 Rxe7 14. g3 Nhf6 15. Rfe1 dxc4 (15... Nf8 16. Ne5 Bd7 $6 17. c5
$16 {1/2-1/2 Torre Repetto,C-Spielmann,R/Baden-Baden 1925/HCL (40)}) 16. Nxc4
Nb6 17. Nce5 Nbd5 $11) (9... c5 10. Rc1 b6 (10... cxd4 11. Nxd4 Nc5 12. Bb1 e5
13. N4f3 e4 14. Bxf6 Bxf6 15. Nd4 Nd3 (15... dxc4 16. Nxe4 Nxe4 17. Bxe4 Re8
18. Bf3 Qa5 $11) 16. Bxd3 exd3 17. N2f3 dxc4 18. Rxc4 b6 19. b4 Bb7 20. a4 Bd5
$132 {[%csl Rd3,Gd5,Gf6] 1-0 Panno,O-Cifuentes Parada,R/Santiago 1989/CBM 12 
(45)}) 11. cxd5 exd5 12. Ne5 Nxe5 13. dxe5 Ng4 14. Bg3 f6 15. exf6 Bxf6 16. h3
Ne5 17. Be2 Bf5 18. Nf3 Nxf3+ 19. Bxf3 Bxb2 20. Bxd5+ Kh8 21. Rc4 Rc8 22. e4
Bh7 23. Qe2 Bd4 $11 (23... Qf6 24. e5 $14 {0-1 Tartakower,S-Spielmann,R/
Semmering 1926/HCL (49)})) 10. cxd5 cxd5 11. Qe2 Bb7 {In this position White's
Bd3 is stronger than Bb7, but Black has no weaknesses, and it is not easy to
find way to increase advantage.} 12. Rfc1 a6 13. Bg3 Ne8 $6 $16 {[%csl Ge5]
Black yields central point...} (13... Ne4 $142 $14) 14. Ne5 $1 Nxe5 15. dxe5 $1
{[%csl Re8,Rg3] Pe5 restricrs Ne8, but it restricts Bg3 too.} (15. Bxe5 $143
Bd6 $14) 15... Nc7 16. Qg4 ({Possible also} 16. Nb3 {[%cal Gb3d4]} Rc8 17. Nd4
Bc5 18. Qg4 f5 19. exf6 Qxf6 20. b4 Bxd4 21. exd4 Nb5 22. Re1 $16) 16... d4 $5
17. Bf4 ({Or} 17. exd4 Nb5 18. Rc4 Bd5 19. Rc2 Bb7 20. Bxb5 axb5 21. f3 Qd5 22.
b3 Rac8 23. Rac1 Rxc2 24. Rxc2 f5 25. exf6 Bxf6 26. Bf2 $16) 17... dxe3 18.
Bxh6 $4 $19 ({Very strong was} 18. Bxe3 $1 {[%csl Rb6,Rc7,Rd3,Rh6]} Kh8 (18...
Ne8 19. Rc3 Rc8 (19... Kh8 20. Qh5 {[%csl Rh6]} Kg8 21. Bxh6 $18) 20. Rac1 Rxc3
21. Rxc3 Kh8 22. Qh5 Kg8 23. Bxh6 $18) 19. Nb3 $1 (19. Qh5 Qxd3 20. Rxc7 Qd5
21. Nf3 Rad8 22. Kh1 Rd7 23. Rxd7 Qxd7 24. Bxb6 Qb5 25. Bd4 $44) (19. Bxb6 Qxd3
20. Rxc7 Qxd2 21. Rxe7 Qxb2 22. Bd4 Qb4 $11) 19... Nb5 (19... Qxd3 20. Rxc7 $18
{[%csl Rb7,Re7]}) 20. Rd1 Qc7 21. Qh5 $18) 18... Ne8 $1 {[%csl Rd2,Rd3,Rh6]
Now two white pieces under straight threat.} 19. Rc3 exd2 20. Bxd2 Qd5 21. Re1
Rc8 22. Rxc8 Bxc8 23. Re3 f5 24. Qg6 Bc5 25. Rh3 Qxe5 26. Qh7+ Kf7 27. Qh5+ g6
28. Qh7+ Ng7 29. Bc3 Bd4 30. Rh6 Bxc3 31. Qxg6+ Ke7 32. Qg5+ Kd6 33. bxc3 Bb7
34. Bf1 f4 35. Qg4 Kc7 36. Rh7 Rf7 37. h4 Be4 (37... Qxc3 $4 38. h5 Qf6 39. h6
Ne8 40. Rxf7+ Qxf7 41. Bd3 e5 42. h7 Nf6 43. Qg5 Nxh7 44. Qxe5+ Kd8 45. Qb8+
Bc8 46. Qxb6+ $44) 38. Qe2 b5 39. h5 (39. a4 bxa4 40. Rh8 Nf5 41. Ra8 Nd6 42.
Rxa6 f3 $19) 39... f3 40. Qe3 Qf5 41. Rh8 Nxh5 42. a4 ({Probably more stubborn
was} 42. Bd3 Qg4 43. g3 Nxg3 44. Qa7+ Bb7 45. Qb8+ Kc6 46. Qxg3 Rg7 $19) 42...
Nf6 43. Bd3 Qd5 $2 {Allows White activity maybe suffitient for draw.} (43...
Kc6 $1 $19) 44. Qa7+ Qb7 45. Qc5+ Kd7 46. Qd4+ Bd5 47. axb5 axb5 48. Bg6 Kc6
49. g4 $4 $19 {Allows Black to consolidate his forces.} ({Why not} 49. Bxf7 $1
Qxf7 50. Qf4 {[%csl Rf6][%cal Gh8h6]} Qe7 (50... Qa7 51. Rd8 $1 (51. Qxf6 Qa1+
52. Kh2 fxg2 $19) 51... Ne4 (51... Qe7 52. Qb8 Kc5 53. Rc8+ Bc6 54. c4 $1 $44 (
{Or} 54. Qa8 Qd7 55. Rxc6+ Qxc6 56. Qf8+ Qd6 57. Qxf6 fxg2 58. Kxg2 e5 59.
Qxd6+ Kxd6 60. Kf3 Kd5 61. Ke3 Kc4 62. Kd2 Kb3 (62... e4 63. Kc2 $11) 63. f3
$11)) 52. Qxf3 Qa1+ 53. Kh2 Qe1 54. Qf7 Qxf2 55. Qd7+ Kb6 56. Rb8+ Ka6 57. Qc8+
Ka5 58. Ra8+ Bxa8 59. Qxa8+ Kb6 60. Qxe4 $11) 51. Qb8 Qb7 52. Rc8+ Kd7 53. Rd8+
Ke7 54. Qd6+ Kf7 55. Rf8+ Kg6 56. Qg3+ Kf5 57. Qh3+ Kg6 $11) 49... e5 $1 50.
Qxe5 Qe7 51. Rc8+ Kb7 52. Qb8+ Ka6 53. Bd3 Bb7 54. Rd8 (54. c4 Bxc8 55. cxb5+
Ka5 56. Qa8+ Kb4 57. Qxc8 Qe1+ 58. Bf1 Qe4 $19) 54... Qe1+ 55. Bf1 Ne4 56. Rd6+
Nxd6 57. Qxd6+ Ka7 58. Qd4+ 0-1

[Event "ISR-chT"]
[Site "Israel"]
[Date "1999.03.05"]
[Round "6.5"]
[White "Tyomkin, Dimitri"]
[Black "Shevelev, Arkady"]
[Result "1/2-1/2"]
[WhiteElo "2504"]
[BlackElo "2378"]
[Annotator "Tyomkin,D"]
[PlyCount "65"]
[EventDate "1999.01.??"]
[EventType "team"]
[EventRounds "11"]
[EventCountry "ISR"]
[SourceTitle "CBM 071"]
[Source "ChessBase"]
[SourceDate "1999.08.01"]
[SourceVersion "1"]
[SourceVersionDate "1999.08.01"]
[SourceQuality "1"]

1. Nf3 Nf6 2. d4 d5 3. Bg5 Ne4 4. Bf4 c6 5. e3 {Normally white doesn't expect
to get advantage out from the opening with this line.} Qb6 $146 (5... Bg4 6.
Be2 Nd7 7. Nbd2 Nxd2 8. Nxd2 Bxe2 9. Qxe2 e6 10. O-O Be7 $11 {1/2-1/2 Kosten,
A-Speelman,J/ENG 1991/CBM 28 (28)}) (5... Bf5 6. Nbd2 (6. Bd3 e6 7. Nbd2 Be7 8.
h3 Nd7 9. O-O O-O 10. Ne5 Nxe5 11. Bxe5 $11 {0-1 Ng Ee Vern-Juswanto,D/Asian
Teams, Genting Highlands MAS 1998 (32)}) 6... e6 7. Nxe4 Bxe4 8. Nd2 Bg6 9. Be2
Bd6 $11 {0-1 Chandra Sekhar,T-Murugan,K/Calcutta IND 1999 (42)}) 6. Qc1 Bf5 7.
c3 e6 8. Nbd2 Nd7 9. Be2 Be7 10. Nxe4 (10. O-O $6 g5 11. Nxe4 (11. Bg3 h5 (
11... Nxg3 12. hxg3 h5 $15 {[%cal Gh5h4]}) 12. Nxe4 Bxe4 (12... dxe4 $6 13. Nd2
h4 14. Nc4 {[%csl Gd6]}) 13. Ne5 Nxe5 14. Bxe5 f6 15. f3 Bg6 16. Bg3 h4 $15)
11... gxf4 12. Ned2 fxe3 13. fxe3 O-O-O $15) 10... Bxe4 11. O-O Bxf3 $5 (11...
O-O $11) 12. Bxf3 g5 {Actually it is what white expects from black in this
opening-some active pawn moves which could create weaknesses.} 13. Bg3 h5 14.
h3 f5 15. Be2 Kf7 $1 $132 16. c4 Rac8 $2 {[%mdl 8192]} (16... h4 17. Bh2 Rac8
$13) (16... g4 $5 17. cxd5 cxd5 18. Qc7 Qxb2 (18... Qxc7 19. Bxc7 Rac8 20. Rfc1
Bd8 21. Bf4 $14 {^^_|_}) 19. Bd3 $44) 17. Qc2 $2 {[%mdl 8192] I had the same
tactical idea in my game against Alon Greenfeld (ISR-ch, 1998) in similar
structure, and I remembered this idea during the current game, but 17. Qc2 was
a part of my plan, and I have answered at once on a move of my opponent,
almost without reflection.} (17. cxd5 $142 cxd5 (17... exd5 18. Qc2 $16) {
[%tqu "En","","","","e2h5","",2]} 18. Bxh5+ $1 {[%csl Rc8]} Kg7 19. Qd1 Bd6 20.
Bxd6 Qxd6 21. f4 $1 gxf4 22. Rxf4 $16) 17... h4 (17... g4 $5) 18. Bh2 Nf6 19.
Rac1 {[%csl Rc8][%cal Gc4d5] /\cxd5,xRc8} Qd8 20. Be5 Rg8 21. cxd5 (21. Qb3 g4
$1 22. hxg4 (22. Bxf6 gxh3 $5 23. Bxe7 Rxg2+ 24. Kh1 Qxe7 $40) 22... Nxg4 23.
Bxg4 Rxg4 $132 {[%csl Rg2]}) 21... cxd5 22. Qa4 a6 (22... g4 $6 23. Bxf6 $1) (
22... Qb6 23. Rc2 $14 {[%cal Gf1c1] /\Rfc1 <->c}) 23. Qb3 Qd7 24. Qb6 g4 25.
Bxf6 {^- Getting the position with opposite bishops allows white to get
chances for attack on black king.} Kxf6 (25... Bxf6 26. hxg4 fxg4 27. Rxc8 Qxc8
28. f3 gxf3 29. Bxf3 $11) 26. hxg4 fxg4 27. f4 {[%cal Rf4f5] /\f5} gxf3 $1 {
Black has found an only move, crushing all whites hopes to get a point in this
game.} 28. Rxc8 (28. Rxf3+ Kg7 29. Rcf1 Rgf8 $11) 28... Rxc8 29. Bxf3 Kg7 30.
Bg4 Rc6 31. Qb3 Qc7 32. Qd1 Bg5 33. Qf3 (33. Qf3 Rc1 34. Bxe6 Rxf1+ 35. Kxf1
Qc1+ 36. Kf2 Qd2+ 37. Qe2 Bxe3+ 38. Kf3 $11) 1/2-1/2

[Event "ISR-ch op"]
[Site "Tel Aviv"]
[Date "1999.04.06"]
[Round "7"]
[White "Tyomkin, Dimitri"]
[Black "Huzman, Alexander"]
[Result "0-1"]
[WhiteElo "2504"]
[BlackElo "2575"]
[Annotator "Tyomkin,D"]
[PlyCount "112"]
[EventDate "1999.03.28"]
[EventType "swiss"]
[EventRounds "9"]
[EventCountry "ISR"]
[SourceTitle "CBM 071"]
[Source "ChessBase"]
[SourceDate "1999.08.01"]
[SourceVersion "1"]
[SourceVersionDate "1999.08.01"]
[SourceQuality "1"]

1. d4 Nf6 2. Nf3 g6 3. Bg5 Bg7 4. Nbd2 O-O 5. c3 d5 6. e3 Nbd7 7. Be2 Re8 8.
O-O e5 9. b4 c6 10. c4 e4 (10... exd4 11. Nxd4 Ne5 12. Rc1 a5 13. b5 c5 14.
N4f3 Nxc4 15. Nxc4 dxc4 16. Qa4 Qb6 17. Bxf6 Bxf6 18. Bxc4 $14 {1/2-1/2
Dorfman,J-Wolff,P/New York 1989 (60)}) (10... Qb6 11. Qb3 exd4 12. Nxd4 c5 13.
bxc5 Nxc5 14. Qxb6 axb6 15. cxd5 Nxd5 16. Bf3 (16. Bc4 $5 $14) 16... Nc3 17.
Nc4 N5e4 18. Bf4 Ra6 19. a4 {1/2-1/2 Psakhis,L-Sokolov,I/Portoroz/Ljubljana
1987 (19)}) 11. Ne1 Nf8 $146 (11... dxc4 12. Nxc4 Nb6 13. Na5 Qd6 14. Nc2 Nfd5
15. Qd2 f5 $11 {1/2-1/2 Kanstler,B-Manor,I/Tel Aviv Czerniak 1996/CBM 53 (42)})
12. cxd5 cxd5 13. Bf4 $6 {[%cal Gf4e5] intending Be5,but later on I've
understood that this monouevre was just loss of time.} (13. b5 {[%csl Yc6]
[%cal Ge1c2,Gc2b4,Yd1b3,Ya2a4,Ya4a5,Ya5a6] /\Nc2-b4 was more natural way to
continue.} Ne6 14. Bh4 (14. Bxf6 $5) 14... h5 15. f4 $1 (15. Bg3 Nh7 $1) 15...
exf3 16. Nexf3 {[%cal Gf3e5] /\Ne5}) (13. Rc1 $5 Ne6 14. Bh4 $13) 13... Ne6 14.
Be5 Re7 $1 {[%cal Gf6e8,Ye8d6][%mdl 4] /\Ne8 Huzman shows deep understanding
of this position.He finds the best places for his each piece.} (14... Nd7 15.
Bxg7 Kxg7 16. Qb3 {[%csl Yd5] xd5}) 15. Qb3 Ne8 16. Bxg7 Kxg7 {After f7-f5,Ne8
comes back to-f6 which is the best square for this knight.} 17. Nc2 {/\b5,Nb4,
a4-a5-a6} f5 18. b5 (18. f4 $142 $1 exf3 19. Nxf3 Nf6 20. Ne5 $11) 18... Nf6
19. Nb4 Qd6 20. Rfc1 $2 {White simply doesn't pay attention on blacks action
on the kingside,but he had to!} (20. f4 $142 g5 (20... exf3 21. Nxf3 Ne4 22.
Nd3) 21. g3 h5 {[%cal Gc8d7,Yh5h4] /\Bd7,h4 |^>>}) 20... f4 $40 {[%cal Gc8d7,
Ya8f8] >> Black continues to increase pressure on the kingside.} 21. Rc2 $6 {
Again white loses time for useless moves.Black has outplayed white
strategically in this game.} (21. a4 $142 f3 $5 (21... Bd7 $140 22. a5 Rf8 23.
a6 $132 {[%csl Gc6] xc6}) 22. gxf3 Ng5 (22... exf3 23. Nxf3 {[%cal Gf3e5] /\Ne5
}) 23. f4 Nh3+ 24. Kg2 g5 $1 $40 25. Rxc8 $140 Rxc8 26. Kxh3 gxf4 {[%csl Rh3]
[%cal Gf4f3] /\f3}) 21... Bd7 22. a4 Rf8 23. Bd1 Ref7 24. Rac1 h5 $1 $17 25.
Rc5 $5 {White doesn't want to lose because of direct attack on whites king,and
tries to complicate the game,and he almost saved it!} Nxc5 (25... fxe3 $5 26.
Qxe3 Nxc5 27. dxc5 d4 28. cxd6 dxe3 29. fxe3 Be6 30. Bc2 Rd8 31. Nxe4 Nxe4 32.
Bxe4 Rxd6 33. Nd3 Bd5 $1 $19) 26. dxc5 Qe5 27. exf4 Qxf4 28. Qc3 Kh7 29. g3 (
29. Qd4 Qg5 $1 (29... Ne8 $2 30. Nxd5 Qxf2+ 31. Qxf2 Rxf2 32. Nf3 $1) 30. c6
Bh3 31. g3 bxc6 32. bxc6 a5 $19) 29... Qf5 30. Qd4 Qh3 {[%csl Rf2,Rh2][%cal
Gf6g4] /\Ng4} 31. Nf1 Bg4 {[%cal Rg4f3]} 32. Ne3 Bf3 33. Bxf3 exf3 {[%cal
Rf6g4]} 34. Qh4 $8 Qxh4 35. gxh4 {It is already achievement for white to delay
the game till the ending!} d4 36. Nc4 Ne4 {[%cal Ye4c3,Ye4c5]} 37. Nd3 Nc3 38.
Re1 (38. Kf1 Rc7 $1) 38... Nxa4 (38... Rc7 $1) 39. Ra1 Nc3 40. Nd6 b6 $1 {
In case of loss a7-pawn white has large counterplay on the queenside.} 41. Nxf7
Rxf7 42. Ne5 Rc7 43. cxb6 (43. c6 Nxb5 $19) 43... axb6 44. Nxf3 d3 $1 {Pawn-b5
is not necessary at all.Passed pawn "d" decides the game.} (44... Nxb5 45. Ra6
Rc6 46. Kf1 $17 {[%cal Gf1e2,Ge2d3]}) 45. Kf1 Kg7 46. Ke1 {Some interesting
endings turn out in the following variation:} (46. Ra3 Kf6 47. Ra6 Nd5 48. Ke1
Rc2 49. Nd4 Rc4 (49... Rb2 50. Ra3) 50. Nc6 Kf5 (50... Rxh4 51. Kd2 Rxh2 52.
Kxd3 Rxf2 53. Ke4 Rf5 $19) (50... Rc1+ $2 51. Kd2 Rc2+ 52. Kxd3 Rxc6 53. bxc6
Nb4+ 54. Kc4 Nxa6 55. Kb5 Nc7+ 56. Kxb6 Nd5+ 57. Kb7 Kf5 58. c7 Nxc7 59. Kxc7
Kg4 60. Kd6 Kxh4 61. Ke6 Kh3 62. Kf6 Kxh2 63. Kxg6 h4 64. f4 $11) 51. Kd2 Rc2+
52. Kxd3 Rxc6 53. bxc6 Nb4+ 54. Kc4 Nxa6 55. Kb5 Nc7+ 56. Kxb6 Nd5+ 57. Kb7 Kg4
$19) 46... Ne4 $1 {[%csl Re1][%cal Gc7c2] creating cage for whites king.} 47.
Rd1 Rc3 48. Ng5 Nc5 49. Ra1 (49. Kd2 Rb3 50. Ke3 Rxb5 $19) 49... Kf6 50. Ra7
Ke5 51. Re7+ Kd5 52. f4 Rc1+ 53. Kd2 Rc2+ 54. Kd1 Rf2 55. Re5+ $138 {Blunder
in a time-trouble.But it just allows things to happen faster.} Kc4 56. Ne4 Nxe4
(56... Nxe4 57. Rxe4+ Kc3) 0-1